000
00191nam a2200085Ia 4500
008
120527s9999 xx 000 0 und d
100
_a
Cronk, C. Brian
245
_a
How to use SPSS
942
_c
BK
999
_c
27745
_d
27745